Sports Quiz

Random Sports or City Quiz

Top 25 German stadiums Quiz Stats

 Plays Quiz not verified by Sporcle

Score 0/25 Timer 05:00
0 Plays Today
Capacity Stadium (City) % Correct
66.575Allianz Arena (München)
99.3%
74.228Olympiastadion (Berlin)
96%
65.718Signal Iduna Park (Dortmund)
93.9%
63.666Olympiastadion (München)
92.1%
54.142Veltins-Arena (Gelsenkirchen)
90.3%
51.750Imtech Arena (Hamburg)
84.5%
48.132Commerzbank-Arena (Frankfurt)
83.8%
53.198Mercedes-Benz Arena (Stuttgart)
82.3%
37.512Weserstadion (Bremen)
82.3%
46.120RheinEnergieStadion (Köln)
75.8%
44.652AWD-Arena (Hannover)
73.3%
44.345Red Bull Arena (Leipzig)
73.3%
30.210BayArena (Leverkusen)
73.3%
Capacity Stadium (City) % Correct
26.385Volkswagen-Arena (Wolfsburg)
69%
48.500Fritz-Walter-Stadion (Kaiserslautern)
67.5%
51.500ESPRIT arena (Düsseldorf)
66.8%
44.308Easycredit-Stadion (Nürnberg)
64.6%
27.190Rudolf-Harbig-Stadion (Dresden)
63.5%
46.249Stadion im Borussia-Park (Mönchengladbach)
61.4%
25.000DKB-Arena (Rostock)
48%
28.367impuls arena (Augsburg)
46.6%
28.000MSV-Arena (Duisburg)
44.8%
27.250Neuer Tivoli (Aachen)
41.5%
25.641Rhein-Neckar-Arena (Sinsheim)
30%
25.250MDCC-Arena (Magdeburg)
27.8%

You're not logged in!

Compare scores with friends on all Sporcle quizzes.
OR
Log In

You Might Also Like...

Show Comments

Extras

Top Quizzes Today


Score Distribution

Your Account Isn't Verified!

In order to create a playlist on Sporcle, you need to verify the email address you used during registration. Go to your Sporcle Settings to finish the process.

Report this User

Report this user for behavior that violates our Community Guidelines.

Details: